| 000 | 00675nam a2200193Ia 4500 | ||
|---|---|---|---|
| 003 | GCL | ||
| 008 | 140319s9999 xx 000 0 ara d | ||
| 040 |
_aGCL / _cGCL |
||
| 082 | 0 | 4 |
_a814.02 _bع ن |
| 100 | 1 | _aعلى عبدالمنعم عبد الحميد | |
| 245 | 1 | 0 |
_aالنموذج الانسانى فى ادب المقامة / _cعلى عبدالمنعم عبد الحميد |
| 260 |
_a[S.N] : _bالشركة المصرية العالمية للنشر ، _c1994 |
||
| 300 | _a166 ص | ||
| 490 |
_aسلسلة ادبيات _v0 |
||
| 650 | 0 | 4 | _aالادب العربى |
| 650 | 0 | 4 | _aالمقامات العربية |
| 650 | 0 | 4 | _aتاريخ ونقد |
| 942 |
_2ddc _cBK |
||
| 999 |
_c33008 _d33008 |
||